Enrique Amorim: La carreta (Record no. 96235)

MARC details
000 -LEADER
campo de control de longitud fija 00874nam a2200313Mi 4500
001 - NÚMERO DE CONTROL
campo de control 55613
005 - FECHA Y HORA DE LA ÚLTIMA TRANSACCIÓN
campo de control 20230410143127.0
008 - DATOS DE LONGITUD FIJA--INFORMACIÓN GENERAL
campo de control de longitud fija 910313s1988 xx 000 0 und d
035 ## - NÚMERO DE CONTROL DEL SISTEMA
Número de control de sistema (OCoLC)ocn165570228
040 ## - FUENTE DE CATALOGACIÓN
Centro catalogador/agencia de origen GEBAY
Normas de descripción rakwb
Lengua de catalogación ger
Centro/agencia transcriptor GEBAY
020 ## - NÚMERO INTERNACIONAL ESTÁNDAR DEL LIBRO
Número Internacional Estándar del Libro 8400068823
020 ## - NÚMERO INTERNACIONAL ESTÁNDAR DEL LIBRO
Número Internacional Estándar del Libro 9788400068820
035 ## - NÚMERO DE CONTROL DEL SISTEMA
Número de control de sistema (OCoLC)165570228
050 14 - SIGNATURA TOPOGRÁFICA DE LA BIBLIOTECA DEL CONGRESO
Número de clasificación bE56 1988
049 ## - FONDOS LOCALES (OCLC)
Biblioteca depositaria GRAL
245 00 - MENCIÓN DEL TÍTULO
Título Enrique Amorim: La carreta
Mención de responsabilidad, etc. Fernando Ainsa, coordinador
250 ## - MENCION DE EDICION
Mención de edición Ed. crit., 1. ed.
260 ## - PUBLICACIÓN, DISTRIBUCIÓN, ETC.
Lugar de publicación, distribución, etc. Nanterre
Nombre del editor, distribuidor, etc. ALLCA XXe Siáecle
Fecha de publicación, distribución, etc. 1988
300 ## - DESCRIPCIÓN FÍSICA
Extensión LV, 483 S. :
Otras características físicas Ill.
490 0# - MENCIÓN DE SERIE
Mención de serie Colección Archivos
Designación de volumen o secuencia 10
500 ## - NOTA GENERAL
Nota general Kommentar zu: Amorim, Enrique: +La carreta
653 0# - TÉRMINO DE INDIZACIÓN--NO CONTROLADO
Término no controlado Amorim, Enrique / La carreta
700 1# - ENTRADA AGREGADA--NOMBRE PERSONAL
Nombre de persona Ainsa, Fernando
700 1# - ENTRADA AGREGADA--NOMBRE PERSONAL
Nombre de persona Amorim, Enrique
773 18 - ASIENTO DE ITEM FUENTE
Número de control del registro (DE-MnBSB)85503
942 ## - ELEMENTOS DE ENTRADA SECUNDARIOS (KOHA)
Fuente del sistema de clasificación o colocación Clasificación de Library of Congress
Tipo de ítem Koha
946 ## - PROCESAMIENTO DE INFORMACIÓN LOCAL (OCLC)
a mjcruz
994 ## -
-- C0
-- DRFGD
Holdings
Estatus retirado Estado de pérdida Fuente del sistema de clasificación o colocación Estado de daño No para préstamo Colección Biblioteca de origen Biblioteca actual Ubicación en estantería Fecha de adquisición Signatura topográfica completa Código de barras Visto por última vez Copia número Tipo de ítem Koha
    Clasificación de Library of Congress     Automatización y Procesos Técnicos Biblioteca Juan Bosch Biblioteca Juan Bosch Automatización y Procesos Técnicos (1er. Piso) 10/04/2023 E56 1988 00000055759 21/01/2019 1